[Event "Doeberl Cup 56th"]
[Site "Canberra"]
[Date "2018.03.31"]
[Round "5"]
[White "Mallari, Donato"]
[Black "Pigram, Danny"]
[Result "1-0"]
[WhiteElo "1966"]
[BlackElo "1771"]
[PlyCount "151"]
[EventDate "2018.03.29"]
[EventType "swiss"]
[EventRounds "9"]
[EventCountry "AUS"]
[SourceTitle "EXT 2023"]
[Source "ChessBase"]
[SourceDate "2022.10.05"]
[SourceVersion "1"]
[SourceVersionDate "2022.10.05"]
[SourceQuality "1"]

1. e4 c5 2. d3 g6 3. g3 Bg7 4. Bg2 Nc6 5. Nc3 Nf6 6. Nge2 0-0 7. Be3 d6 8. h3 Rb8 9. Qd2 b5 10. d4 Na5 11. b3 b4 12. Nd5 Nxd5 13. exd5 c4 14. 0-0 Ba6 15. Rfe1 Qb6 16. h4 Rfc8 17. h5 Rc7 18. Rac1 Nb7 19. hxg6 hxg6 20. Nf4 c3 21. Qd1 Nd8 22. Ra1 Bc8 23. Bf1 a5 24. a4 bxa3 25. Rxa3 Bd7 26. Qa1 Bf5 27. Qd1 Ra7 28. g4 Bd7 29. f3 Bb5 30. Bxb5 Qxb5 31. Qd3 Qxd3 32. Nxd3 Rb5 33. b4 Rxd5 34. Rxc3 Ne6 35. Rc8+ Kh7 36. Kg2 g5 37. c4 Rxd4 38. Bxd4 Bxd4 39. b5 Rb7 40. Re2 Nf4+ 41. Nxf4 gxf4 42. Ra2 Bc3 43. Kf1 Bb4 44. Ke2 d5 45. Kd3 Kg7 46. Rc6 Kf8 47. g5 Ke8 48. Kd4 dxc4 49. Kxc4 Kd7 50. Ra1 Rb8 51. Rd1+ Bd6 52. Rd5 a4 53. Ra6 Rc8+ 54. Kd3 Ke6 55. Rd4 Rc1 56. Rb4 a3 57. Rb3 Kf5 58. b6 Rc6 59. Ra5+ e5 60. b7 Bb8 61. Raxa3 e4+ 62. fxe4+ Kg4 63. Kd4 Re6 64. Ra8 Re8 65. Kd5 f3 66. Raa3 Re7 67. Kc6 f2 68. Rf3 Rc7+ 69. Kb6 Rc2 70. Rxf7 Rb2+ 71. Ka6 Bf4 72. Ra1 Be3 73. g6 Bf4 74. Rf1 Ra2+ 75. Kb5 Rb2+ 76. Kc4 1-0